| 000 | 00694nam a22001937a 4500 | ||
|---|---|---|---|
| 999 |
_c3857 _d3857 |
||
| 003 | AR-CdUCM | ||
| 008 | 190307b ||||| |||| 00| 0 spa d | ||
| 040 |
_aMUNICIPALIDAD PROVINCIAL DEL CUSCO _cBIBLIOTECA MUNICIPAL DEL CUSCO |
||
| 082 |
_22ed. _a974.06 / _bSI57 |
||
| 100 |
_aSierra, Justo _93066 |
||
| 245 |
_aJuárez : _bsu obra y tiempo / |
||
| 260 |
_aMéxico : _bPorrúa S. A. _c1971. |
||
| 300 |
_a475 paginas ; _bIlustraciones, _c21 cm. |
||
| 505 | _aA la generación que llega -- Reflexiones previas -- La cuna de juaréz -- Alma parens -- El discípulo de emancipadores... | ||
| 650 |
_aBiografìas históricas _96252 |
||
| 650 |
_aMexico _918 |
||
| 942 |
_2ddc _cLIBROS |
||
| 945 | _awnts | ||